000
00268 a2200109 4500
001
63564
082
_a
355.02182 WAT
090
_c
37558
_d
37558
100
_a
Watson Bruce W
245
_a
Millitary lessons of the Gulf war
260
_a
Lahore
_b
PAF Book Club
_c
1992
942
_a
NUST-CAE
_k
355.02182 WAT
999
_c
298637
_d
298637